[Event "European School-ch 2019"]
[Site "Mamaia"]
[Date "2019.06.07"]
[Round "8.13"]
[White "Dobre, Radu-Fabian"]
[Black "Simonyan, Grigori"]
[Result "1/2-1/2"]
[WhiteElo "1978"]
[BlackElo "2019"]
[Annotator "NA RC"]
[PlyCount "117"]
[EventDate "2019.05.31"]
[EventType "swiss"]
[EventCountry "ROU"]
[SourceTitle "playchess.com"]
[Source "ChessBase"]
[SourceQuality "1"]
[TimeControl "40/5400+30:1800+30"]

1. e4 {[%emt 0:00:00]} c5 {[%emt 0:00:00]} 2. Nf3 {[%emt 0:00:00]} Nc6 {[%emt 0:00:00]} 3. Bb5 {[%emt 0:00:00]} g6 {[%emt 0:01:10]} 4. O-O {[%emt 0:00:00]} Bg7 {[%emt 0:00:38]} 5. Re1 {[%emt 0:00:43]} Nf6 {[%emt 0:00:57]} 6. e5 {[%emt 0:00:05]} Nd5 {[%emt 0:00:05]} 7. Nc3 {[%emt 0:00:00]} Nc7 8. Bxc6 dxc6 {[%emt 0:00:18]} 9. Ne4 {[%emt 0:00:17]} Ne6 {[%emt 0:00:07]} 10. d3 {[%emt 0:00:09]} b6 {[%emt 0:00:05] B31: Sicilian: 2...Nc6 3 Bb5 g6} 11. Be3 {[%emt 0:02:02]} Nd4 {[%emt 0:00:21]} 12. Bxd4 {[%emt 0:13:52]} cxd4 {[%emt 0:00:05]} 13. Nf6+ {[%emt 0:01:08]} Kf8 {[%emt 0:00:18]} 14. Ne4 {[%emt 0:00:16]} Bg4 {[%emt 0:01:17] [#]} 15. Neg5 $146 {[%emt 0:02:40]} ({Predecessor:} 15. Ned2 c5 16. h3 Bf5 17. a4 Bh6 18. Ne4 {½-½ (28) Rubinas,P (2562)-Matei,C (2483) ICCF email 2011}) 15... h6 {[%emt 0:25:53]} 16. h3 {[%emt 0:03:14]} Bf5 {[%emt 0:09:58]} 17. Ne4 {[%emt 0:00:27]} c5 {[%emt 0:03:50]} 18. a4 {[%emt 0:05:15]} Qd5 {[%emt 0:03:03]} 19. Ng3 {[%emt 0:00:30]} Be6 {[%emt 0:02:45]} 20. Qe2 {[%emt 0:00:30]} Kg8 {[%emt 0:03:54]} 21. Nd2 {[%emt 0:00:18]} h5 {[%emt 0:11:07]} 22. f4 {[%emt 0:00:47]} h4 {[%emt 0:00:11]} 23. Nge4 {[%emt 0:00:05]} Rh5 {[%emt 0:01:37]} 24. Rf1 {[%emt 0:02:48]} f6 {[%emt 0:01:29]} 25. exf6 {[%emt 0:02:59]} exf6 {[%emt 0:00:14]} 26. Rae1 {[%emt 0:00:04]} Bd7 {[%emt 0:02:01]} 27. b3 {[%emt 0:01:57]} Rf8 {[%emt 0:01:10]} 28. Qf3 {[%emt 0:02:10]} Bh6 {[%emt 0:03:40]} 29. Nc4 {[%emt 0:01:41]} Bc6 {[%emt 0:05:42]} 30. Qg4 {[%emt 0:24:40]} Bg7 {[%emt 0:01:48]} 31. Ned2 {[%emt 0:06:17]} Rf7 {[%emt 0:04:58]} 32. Rf2 {[%emt 0:04:58]} Kh7 {[%emt 0:02:44]} 33. Qe2 {[%emt 0:04:01]} Bf8 {[%emt 0:02:39]} 34. Qg4 {[%emt 0:02:49]} Bh6 {[%emt 0:02:09]} 35. Qe6 {[%emt 0:03:06]} Qxe6 {[%emt 0:01:28]} 36. Rxe6 {[%emt 0:00:15]} Bd5 {[%emt 0:00:01]} 37. Re8 {[%emt 0:00:32]} Bc6 {[%emt 0:00:57]} 38. Rc8 {[%emt 0:00:45]} Bb7 {[%emt 0:00:27]} 39. Rd8 {[%emt 0:00:25]} Re7 {[%emt 0:01:45]} 40. Nd6 {[%emt 0:00:00]} Kg7 {[%emt 0:00:00]} 41. N2e4 {[%emt 0:03:10]} Bc6 {[%emt 0:05:23]} 42. Rc8 {[%emt 0:01:29]} Bb7 {[%emt 0:03:53]} 43. Ne8+ {[%emt 0:13:32]} Kf8 {[%emt 0:01:50]} 44. Rb8 {[%emt 0:00:17]} Rxe8 {[%emt 0:01:17]} 45. Rxb7 {[%emt 0:00:00]} Re7 {[%emt 0:00:52]} 46. Rb8+ {[%emt 0:05:27]} Kg7 {[%emt 0:00:16]} 47. a5 {[%emt 0:00:15]} Rf5 {[%emt 0:08:45]} 48. axb6 {[%emt 0:01:40]} axb6 {[%emt 0:00:05]} 49. Rxb6 {[%emt 0:02:25]} Rxf4 {[%emt 0:01:32]} 50. Rxf4 {[%emt 0:04:11]} Bxf4 {[%emt 0:00:06]} 51. Kf1 {[%emt 0:00:04]} Bg3 {[%emt 0:13:08]} (51... Be3 $11) 52. Nxg3 {[%emt 0:00:41]} (52. Rc6 $16) 52... hxg3 {[%emt 0:00:04]} 53. Rb5 $15 {[%emt 0:09:43]} Re5 54. b4 cxb4 55. Rxe5 fxe5 56. Ke2 Kf6 57. Kf3 Kf5 58. h4 Kf6 59. Ke4 1/2-1/2

[Event "European School-ch 2019"]
[Site "Mamaia"]
[Date "2019.06.07"]
[Round "8.14"]
[White "Nastore, Pavel-Alexandru"]
[Black "Andreev, Konstantin"]
[Result "1-0"]
[WhiteElo "1942"]
[BlackElo "2276"]
[Annotator "TA"]
[PlyCount "125"]
[EventDate "2019.05.31"]
[EventType "swiss"]
[EventCountry "ROU"]
[SourceTitle "playchess.com"]
[Source "ChessBase"]
[SourceQuality "1"]

{[%evp 20,125,54,0,4,0,34,30,58,59,45,55,58,62,64,51,87,96,117,107,136,135,150,128,121,120,115,127,118,103,119,104,110,106,106,45,65,59,47,11,27,0,3,9,71,75,75,76,79,63,91,96,116,137,113,75,75,75,106,59,133,74,81,61,62,62,64,60,310,301,308,256,256,232,333,341,1456,1454,1575,1320,1262,304,1282,1182,931,2226,2136,2044,1460,1304,1101,928,29972,29973,29984,29985,29985,29986,29985,29986,29986,29987,29987,29988,29988,29989,29989,29986]} 1. e4 c5 2. Nf3 Nc6 3. d4 cxd4 4. Nxd4 e5 5. Nb5 a6 6. Nd6+ Bxd6 7. Qxd6 Qf6 8. Qd1 Qg6 9. Nc3 d5 10. Nxd5 {[%cal Bc3d5,Bd5e3,Be3c4][%mdl 32]} Qxe4+ 11. Ne3 Nge7 {B32: Sicilian: Löwenthal and Kalashnikov Variations} 12. Bd3 Qd4 (12... Qh4 13. O-O O-O 14. c3 Be6 15. g3 Qh3 16. Be4 Rad8 17. Qe2 Bc8 18. b3 Rfe8 19. Ba3 {½-½ (39) Li,R (2444)-Kosintseva,N (2483) Dallas 2015}) 13. c3 Qb6 {White has an edge.} 14. Nc4 Qc7 $146 ({Predecessor:} 14... Qd8 15. Be3 Bf5 16. Bxf5 Qxd1+ 17. Rxd1 Nxf5 18. Bc5 b5 19. Nb6 {1-0 (38) Kucera,T (2111)-Kosar,M Prague 2003}) 15. Be3 Be6 16. Bb6 $36 {[%mdl 2048] White has the initiative.} Qd7 17. Bc5 {aiming for Nb6.} Bxc4 18. Bxc4 Qxd1+ 19. Rxd1 Na5 20. Be2 Nac6 21. Bf3 Rd8 22. O-O f5 23. Rxd8+ Nxd8 24. Rd1 e4 25. Be2 Ne6 26. Bb6 {[#] Black must now prevent Rd6.} Nc6 27. g3 (27. Bc4 $16 Ke7 28. f3) 27... Ke7 28. Rd5 g6 29. b4 Rc8 30. f3 Nb8 31. fxe4 fxe4 (31... Nd7 $1 $11 {keeps the balance.} 32. Bd4 Nxd4 33. Rxd4 Rxc3) 32. c4 $16 Nd7 33. Be3 Nf6 34. Rd1 Rd8 35. Rxd8 Kxd8 {[%mdl 4096] Endgame KBB-KNN} 36. Kf2 Kd7 37. Ke1 Kd6 38. Kd2 Nd7 39. Kc3 Nf6 {[#]} (39... Ne5 $14) 40. a4 ({Better is} 40. Bd4 $1 {[%cal Rd4f6]} Ke7 41. a3) 40... Ke5 41. b5 axb5 42. axb5 Nd7 43. Bg4 b6 $2 (43... Ndc5 $1 $14) 44. h3 $18 Nec5 45. Bf4+ Kf6 46. Kd4 Nf8 (46... Ke7 $142 47. Bxd7 Kxd7) 47. Bd6 Nfe6+ $2 (47... h5) 48. Bxe6 Nxe6+ 49. Kxe4 {KB-KN} Ng5+ 50. Ke3 $2 (50. Kd5) 50... Nxh3 $2 (50... Ne6 51. Ke4 Kg7) 51. Bc7 Ke6 52. Bxb6 Ng5 53. Bc7 Kd7 54. Be5 Nf7 55. Ke4 h5 56. c5 {White mates.} Nd8 57. Kd5 g5 58. c6+ Kc8 59. b6 h4 60. g4 h3 61. Bh2 Nb7 62. cxb7+ Kxb7 63. Ke5 {Accuracy: White = 62%, Black = 43%.} 1-0

[Event "European School-ch 2019"]
[Site "Mamaia"]
[Date "2019.06.07"]
[Round "8.15"]
[White "Tashev, Aleksandar"]
[Black "Tarhan, Adar"]
[Result "1-0"]
[WhiteElo "2119"]
[BlackElo "1964"]
[Annotator "TA"]
[PlyCount "73"]
[EventDate "2019.05.31"]
[EventType "swiss"]
[EventCountry "ROU"]
[SourceTitle "playchess.com"]
[Source "ChessBase"]
[SourceQuality "1"]

{[%evp 16,73,-7,-21,59,0,0,0,0,0,0,0,0,-12,0,-14,0,0,0,0,0,-23,70,77,133,129,164,70,65,49,104,50,54,41,62,37,54,71,116,60,150,149,486,445,468,493,29988,29989,29992,29993,29993,29994,29994,29995,29996,29996,29996,29997,29997,835]} 1. d4 d5 2. Nf3 Nf6 3. c4 e6 4. Nc3 Be7 5. Bf4 O-O 6. e3 b6 7. cxd5 Nxd5 8. Bg3 Bb7 9. Bd3 Nd7 {D37: Queen's Gambit Declined: 5 Bf4} (9... c5 $11) 10. e4 (10. Nxd5 $14 Bxd5 11. Qc2) 10... Nxc3 $11 11. bxc3 c5 {The position is equal.} 12. O-O cxd4 $146 ({Predecessor:} 12... g6 13. Qe2 Bf6 14. Rad1 cxd4 15. cxd4 Rc8 {½-½ (67) Fiedler,B (2136)-Bartosova,L (1961) Czechia 2011}) 13. cxd4 Nf6 14. Qe2 Rc8 15. Rac1 Rxc1 16. Rxc1 {Black must now prevent Rc7.} Qa8 {[%cal Rf6e4]} 17. Bh4 Rc8 18. Rc2 g6 (18... Rxc2 $11 19. Qxc2 h6) 19. d5 $1 $14 Rxc2 (19... h6 $142) 20. Qxc2 $16 ({But not} 20. Bxc2 $6 Qc8 $14) 20... Qd8 {[#]} 21. dxe6 (21. d6 $1 $18 {[%cal Rd6e7][%mdl 512]} Bxd6 (21... Qxd6 22. e5) 22. e5 {[%mdl 64] Double Attack}) 21... fxe6 $14 22. Qb3 Bc8 (22... Qc8 $14) 23. Ng5 (23. Qc4 $16) 23... Qd6 $1 24. Bg3 $36 {[%mdl 2048] White has the initiative.} Qc6 {And now ...Qc1+ would win.} 25. Qc4 Bc5 26. h3 a6 27. a4 ({Better is} 27. Be5 $16 Nh5 28. Nf3) 27... a5 (27... h6 $14 28. Nf3 Bb7) 28. Be5 $16 Nd7 $2 {[%mdl 8192]} (28... h6 $16 {is more resistant.}) 29. Bb2 $18 Qd6 {[#] intending ...Ne5.} 30. Qc3 $1 {[%csl Gb2][%cal Rc3h8][%mdl 512]} e5 (30... Qe5 $18 31. Qxe5 Nxe5 32. Bxe5 h6) 31. Qc4+ {White mates.} Kg7 32. Qf7+ Kh6 33. Bc1 {[%csl Gg5][%cal Rf7h7]} Bxf2+ 34. Kh1 {[%csl Gg5][%cal Rf7h7]} Nf6 35. Nxh7+ Kh5 36. Nxf6+ Kh4 37. Qh7+ {Accuracy: White = 40%, Black = 29%.} 1-0

[Event "European School-ch 2019"]
[Site "Mamaia"]
[Date "2019.06.07"]
[Round "8.16"]
[White "Levin, Guy"]
[Black "Kan, Toby"]
[Result "1-0"]
[WhiteElo "2054"]
[BlackElo "1550"]
[Annotator "NA RC"]
[PlyCount "129"]
[EventDate "2019.05.31"]
[EventType "swiss"]
[EventCountry "ROU"]
[SourceTitle "playchess.com"]
[Source "ChessBase"]
[SourceQuality "1"]
[TimeControl "40/5400+30:1800+30"]

1. c4 {[%emt 0:00:00]} c5 {[%emt 0:00:00]} 2. Nf3 {[%emt 0:00:00]} g6 {[%emt 0:00:00]} 3. g3 {[%emt 0:01:56]} Bg7 {[%emt 0:00:00]} 4. Bg2 {[%emt 0:00:05]} Nc6 {[%emt 0:00:12]} 5. O-O {[%emt 0:00:36]} d6 {[%emt 0:00:16]} 6. Nc3 {[%emt 0:00:20]} e6 {[%emt 0:00:13]} 7. e4 {[%emt 0:01:06]} Nge7 {[%emt 0:01:14]} 8. d3 {[%emt 0:00:16]} O-O {[%emt 0:00:37]} 9. Bg5 {[%emt 0:04:04] A36: Symmetrical English vs ...g6: 4 Bg2 Bg7} (9. Rb1 b6 10. Be3 Nd4 11. Qd2 Bb7 12. Bh6 Bxh6 13. Qxh6 Nxf3+ 14. Bxf3 Nc6 15. Bg2 Qf6 16. Qe3 Rad8 {0-1 (79) Arkell,K (2499)-Ivanov,A (2506) Acqui Terme 2015}) 9... Qd7 $146 {[%emt 0:02:07]} ({Predecessor:} 9... h6 10. Be3 Nd4 11. Qd2 Kh7 12. Rab1 f5 13. Ne1 Nec6 14. f4 a6 15. Ne2 fxe4 16. dxe4 Qa5 {0-1 (32) Elissalt Cardenas,H (2334)-Stella,A (2403) Azuqueca de Henares 2014}) 10. Qd2 {[%emt 0:00:36]} b6 {[%emt 0:04:37]} 11. Bh6 {[%emt 0:00:42]} Bb7 {[%emt 0:00:24]} 12. Bxg7 Kxg7 {[%emt 0:00:09]} 13. d4 {[%emt 0:02:22]} Rad8 {[%emt 0:20:24]} 14. d5 {[%emt 0:02:19]} exd5 {[%emt 0:05:07]} 15. exd5 {[%emt 0:01:29]} Na5 {[%emt 0:01:10]} 16. b3 {[%emt 0:00:17]} a6 {[%emt 0:05:32]} 17. h4 {[%emt 0:05:55]} h6 {[%emt 0:09:56]} 18. Kh2 {[%emt 0:01:38]} Bc8 {[%emt 0:03:59]} 19. Rae1 {[%emt 0:02:43]} Rde8 {[%emt 0:01:02]} 20. Ne4 {[%emt 0:00:37]} f6 {[%emt 0:03:13]} 21. Qc3 {[%emt 0:01:01]} Ng8 {[%emt 0:04:57]} 22. Ng1 {[%emt 0:02:21]} Kh7 {[%emt 0:01:10]} 23. Nh3 {[%emt 0:00:50]} Nb7 {[%emt 0:03:05]} 24. f4 {[%emt 0:02:36]} Qg7 {[%emt 0:01:39]} 25. Qc2 {[%emt 0:05:38]} f5 {[%emt 0:01:55]} 26. Nc3 {[%emt 0:00:45]} Nf6 {[%emt 0:00:28]} 27. Nf2 {[%emt 0:00:39]} Bd7 {[%emt 0:00:53]} 28. Bf3 {[%emt 0:07:14]} b5 {[%emt 0:02:37]} 29. Be2 {[%emt 0:05:11]} b4 {[%emt 0:01:22]} 30. Ncd1 {[%emt 0:00:40]} Re7 {[%emt 0:03:12]} 31. Bd3 {[%emt 0:02:57]} Rfe8 {[%emt 0:01:39]} 32. Qd2 {[%emt 0:00:29]} a5 {[%emt 0:00:45]} 33. Ne3 {[%emt 0:02:08]} Nd8 {[%emt 0:02:57]} 34. Ng2 {[%emt 0:07:52]} Nb7 {[%emt 0:03:47]} 35. Rxe7 {[%emt 0:03:54]} Rxe7 {[%emt 0:00:28]} 36. Re1 {[%emt 0:03:23]} Nd8 {[%emt 0:01:24]} 37. a4 {[%emt 0:02:06]} Nb7 {[%emt 0:00:29]} 38. Ne3 {[%emt 0:04:09]} Nd8 {[%emt 0:01:32]} 39. Rg1 {[%emt 0:01:59]} h5 {[%emt 0:01:33]} 40. Re1 {[%emt 0:00:00]} Re8 {[%emt 0:00:00]} 41. Be2 {[%emt 0:07:22]} Nf7 {[%emt 0:03:18]} 42. Bf3 {[%emt 0:00:20]} Nh6 {[%emt 0:02:44]} 43. Nh3 {[%emt 0:00:39]} Nf7 {[%emt 0:00:17]} 44. Ng5+ {[%emt 0:01:12]} Nxg5 {[%emt 0:00:16]} 45. fxg5 {[%emt 0:07:25]} Ng4+ {[%emt 0:01:14]} 46. Bxg4 {[%emt 0:02:18]} hxg4 {[%emt 0:00:15]} 47. Ng2 {[%emt 0:03:20]} Re5 {[%emt 0:05:34]} 48. Rh1 {[%emt 0:02:14]} Kg8 {[%emt 0:01:28]} 49. Re1 {[%emt 0:07:34]} Qe7 {[%emt 0:02:02]} 50. Rxe5 {[%emt 0:02:27]} Qxe5 {[%emt 0:00:14]} 51. Nf4 {[%emt 0:00:43]} Qe8 {[%emt 0:10:43]} 52. Qb2 {[%emt 0:00:38]} Qf7 {[%emt 0:00:43]} 53. Kg2 {[%emt 0:02:51]} Qg7 {[%emt 0:09:15]} 54. Qe2 {[%emt 0:00:22]} Kf7 {[%emt 0:01:39]} 55. Ne6 {[%emt 0:06:47]} (55. Qd1 $11) 55... Qe5 $2 {[%emt 0:00:32]} (55... Qc3 $11 56. Nd8+ Kg8) 56. Qxe5 {[%emt 0:00:29]} dxe5 {[%emt 0:00:16]} 57. Nxc5 {[%emt 0:00:04]} Be8 {[%emt 0:01:34]} 58. d6 $18 {[%emt 0:01:21]} Bc6+ {[%emt 0:00:12]} 59. Kf2 {[%emt 0:00:01]} f4 {[%emt 0:01:12]} 60. d7 {[%emt 0:01:25]} Ke7 {[%emt 0:01:59]} 61. h5 {[%emt 0:00:26]} gxh5 {[%emt 0:00:41]} 62. g6 {[%emt 0:00:02]} Bxd7 {[%emt 0:00:29]} 63. Nxd7 {[%emt 0:00:13]} h4 {[%emt 0:00:21]} 64. Nxe5 {[%emt 0:00:54]} fxg3+ {[%emt 0:01:38]} 65. Kg2 {[%emt 0:00:09]} 1-0

[Event "European School-ch 2019"]
[Site "Mamaia"]
[Date "2019.06.07"]
[Round "8.17"]
[White "Kanli, Alperen"]
[Black "Dias, Savin"]
[Result "0-1"]
[WhiteElo "1790"]
[BlackElo "1858"]
[Annotator "NA RC"]
[PlyCount "75"]
[EventDate "2019.05.31"]
[EventType "swiss"]
[EventCountry "ROU"]
[SourceTitle "playchess.com"]
[Source "ChessBase"]
[SourceQuality "1"]
[TimeControl "40/5400+30:1800+30"]

1. e4 {[%emt 0:00:00]} c5 {[%emt 0:00:00]} 2. Nf3 {[%emt 0:00:00]} d6 {[%emt 0:00:00]} 3. d4 {[%emt 0:00:00]} cxd4 {[%emt 0:00:00]} 4. Nxd4 {[%emt 0:00:09]} Nf6 {[%emt 0:00:00]} 5. Bd3 {[%emt 0:00:19]} g6 {[%emt 0:00:56]} 6. c4 {[%emt 0:00:34]} Bg7 {[%emt 0:00:08]} 7. Nc3 {[%emt 0:00:17]} Nc6 {[%emt 0:00:06]} 8. Nc2 {[%emt 0:00:12]} O-O {[%emt 0:00:38]} 9. O-O {[%emt 0:00:13]} Ne5 {[%emt 0:02:49]} 10. Be2 {[%emt 0:01:09]} Be6 {[%emt 0:01:13]} 11. b3 {[%emt 0:00:31]} Rc8 {[%emt 0:02:59]} 12. f3 {[%emt 0:01:21]} a6 {[%emt 0:04:44]} 13. Bb2 {[%emt 0:06:05]} Nxc4 {[%emt 0:22:20]} 14. Bxc4 {[%emt 0:36:32]} Bxc4 {[%emt 0:00:33]} 15. bxc4 {[%emt 0:00:02]} Qb6+ {[%emt 0:00:09]} 16. Qd4 {[%emt 0:00:30]} Qxb2 {[%emt 0:01:02]} 17. Rab1 {[%emt 0:00:00]} Nxe4 {[%emt 0:17:42]} 18. Qxg7+ {[%emt 0:08:45]} Kxg7 {[%emt 0:00:15]} 19. Rxb2 {[%emt 0:00:06]} Nxc3 {[%emt 0:00:05]} 20. Rxb7 {[%emt 0:03:25]} Rxc4 {[%emt 0:03:20]} 21. Rxe7 {[%emt 0:01:24]} Nxa2 {[%emt 0:01:18]} 22. Ne3 {[%emt 0:00:07]} Rc6 {[%emt 0:00:36]} 23. Rb1 {[%emt 0:00:57]} Nc3 {[%emt 0:01:24]} 24. Rbb7 {[%emt 0:00:17]} a5 {[%emt 0:07:56]} 25. Ra7 {[%emt 0:03:13]} a4 {[%emt 0:00:44]} 26. Red7 {[%emt 0:00:08]} h5 {[%emt 0:02:24]} 27. Kf1 {[%emt 0:01:23]} Kg8 {[%emt 0:08:00]} 28. Ke1 {[%emt 0:01:22]} Rc5 {[%emt 0:03:26]} 29. Kd2 {[%emt 0:03:29]} a3 {[%emt 0:02:41]} 30. Kd3 {[%emt 0:02:16]} Nb5 {[%emt 0:02:44]} 31. Ra6 {[%emt 0:02:47]} Rc3+ {[%emt 0:02:03]} 32. Kd2 {[%emt 0:00:01]} Rc5 {[%emt 0:04:26]} 33. Nc2 {[%emt 0:04:18]} Rd5+ {[%emt 0:00:19]} 34. Ke3 {[%emt 0:02:02]} Re8+ {[%emt 0:00:21]} 35. Kf4 {[%emt 0:00:08]} Re2 {[%emt 0:03:45]} 36. Nxa3 {[%emt 0:06:58]} g5+ {[%emt 0:00:23]} 37. Kg3 {[%emt 0:00:46]} Rdd2 {[%emt 0:00:14]} 38. f4 {[%emt 0:01:10]} 0-1

[Event "European School-ch 2019"]
[Site "Mamaia"]
[Date "2019.06.07"]
[Round "8.18"]
[White "Baranciuc, Alexandr"]
[Black "Aubury, Benjamin"]
[Result "1/2-1/2"]
[WhiteElo "1900"]
[BlackElo "1681"]
[Annotator "NA RC"]
[PlyCount "102"]
[EventDate "2019.05.31"]
[EventType "swiss"]
[EventCountry "ROU"]
[SourceTitle "playchess.com"]
[Source "ChessBase"]
[SourceQuality "1"]
[TimeControl "40/5400+30:1800+30"]

1. e4 {[%emt 0:00:00]} e6 {[%emt 0:00:00]} 2. d4 {[%emt 0:00:05]} d5 {[%emt 0:00:00]} 3. Nd2 {[%emt 0:00:18]} c5 {[%emt 0:00:07]} 4. exd5 {[%emt 0:07:25]} Qxd5 {[%emt 0:00:19]} 5. dxc5 {[%emt 0:01:16]} Nf6 {[%emt 0:01:02]} 6. Ngf3 {[%emt 0:04:00]} Qxc5 {[%emt 0:00:37]} 7. Bd3 {[%emt 0:03:12]} Be7 {[%emt 0:00:46]} 8. O-O {[%emt 0:00:16]} Qc7 {[%emt 0:01:37]} 9. Qe2 {[%emt 0:08:41]} Nbd7 {[%emt 0:01:15]} 10. Nb3 {[%emt 0:05:18]} O-O {[%emt 0:01:05]} 11. Bd2 {[%emt 0:01:59]} b6 {[%emt 0:03:04]} 12. Rfe1 {[%emt 0:05:05]} Bb7 {[%emt 0:03:36]} 13. Rad1 {[%emt 0:00:51]} Rac8 {[%emt 0:03:52]} 14. c3 {[%emt 0:02:43]} Nd5 {[%emt 0:04:20]} 15. Nbd4 {[%emt 0:05:00]} Nc5 {[%emt 0:05:34]} 16. Bb1 {[%emt 0:02:26]} Ba6 {[%emt 0:11:14]} 17. c4 {[%emt 0:07:32]} Nf6 {[%emt 0:07:07]} 18. g3 {[%emt 0:16:41]} Ncd7 {[%emt 0:06:14]} 19. b3 {[%emt 0:00:45]} Qc5 {[%emt 0:06:18]} 20. Bf4 {[%emt 0:12:44]} Rfe8 {[%emt 0:09:29]} 21. Ng5 {[%emt 0:02:09]} Bf8 {[%emt 0:07:37]} 22. Ndf3 {[%emt 0:03:31]} h6 {[%emt 0:01:37]} 23. Ne4 {[%emt 0:00:45]} Nxe4 {[%emt 0:00:50]} 24. Bxe4 {[%emt 0:01:03]} Nf6 {[%emt 0:00:19]} 25. Bb1 {[%emt 0:00:01]} Qh5 {[%emt 0:00:54]} 26. Ne5 {[%emt 0:07:21]} Qh3 {[%emt 0:02:29]} 27. f3 {[%emt 0:00:18]} Nh5 {[%emt 0:01:06]} 28. Bc1 {[%emt 0:00:14]} Bc5+ {[%emt 0:00:51]} 29. Be3 {[%emt 0:00:58]} Nxg3 {[%emt 0:02:23]} 30. hxg3 {[%emt 0:00:46]} Qxg3+ {[%emt 0:00:09]} 31. Qg2 {[%emt 0:00:01]} Qxe5 {[%emt 0:00:16]} 32. Bxc5 {[%emt 0:00:11]} Qxc5+ {[%emt 0:00:08]} 33. Kh1 {[%emt 0:00:01]} Qh5+ {[%emt 0:00:25]} 34. Kg1 {[%emt 0:00:04]} Rc5 {[%emt 0:00:41]} 35. Re4 {[%emt 0:00:43]} Bb7 {[%emt 0:02:46]} 36. Rg4 {[%emt 0:00:44]} Rg5 {[%emt 0:00:45]} 37. Rxg5 {[%emt 0:01:25]} hxg5 {[%emt 0:00:33]} 38. Kf2 {[%emt 0:00:26]} Qh6 {[%emt 0:01:56]} 39. Rh1 {[%emt 0:00:16]} Qf6 {[%emt 0:00:26]} 40. Qh3 {[%emt 0:00:00]} Qd4+ {[%emt 0:00:00]} 41. Ke2 {[%emt 0:03:08]} Qb2+ {[%emt 0:02:53]} 42. Ke3 {[%emt 0:00:35]} Kf8 {[%emt 0:00:59]} 43. Qg3 {[%emt 0:01:46]} Rd8 {[%emt 0:03:20]} 44. Rh8+ {[%emt 0:06:03]} Ke7 {[%emt 0:00:15]} 45. Qxg5+ {[%emt 0:00:07]} Qf6 {[%emt 0:00:12]} 46. Qxf6+ {[%emt 0:00:05]} gxf6 {[%emt 0:00:14]} 47. Rh7 {[%emt 0:00:47]} Rg8 {[%emt 0:00:27]} 48. Kf2 {[%emt 0:00:34]} Bc6 {[%emt 0:00:49]} 49. b4 {[%emt 0:00:34]} Rg5 {[%emt 0:01:00]} 50. Rh8 {[%emt 0:00:57]} Be8 {[%emt 0:01:24]} 51. Be4 {[%emt 0:01:24]} Re5 {[%emt 0:01:31]} 1/2-1/2